Η πρακτική της ατομικής ψυχολογίας

Αποθηκεύτηκε σε:
Λεπτομέρειες βιβλιογραφικής εγγραφής
Κύριος συγγραφέας: Μωραΐτης, Δημήτριος Γ., 1876-1957
Μορφή: Βιβλίο
Γλώσσα:Greek
Δημοσίευση: Αθήναι : Παναγιωτίδης, 1940.
Θέματα:
Διαθέσιμο Online:http://hdl.handle.net/11610/16706
Ετικέτες: Προσθήκη ετικέτας
Δεν υπάρχουν, Καταχωρήστε ετικέτα πρώτοι!

MARC

LEADER 00000cam a2200000 i 4500
001 1/88040
008 080606s1940 gr || ||| ||gre||
035 |l 10098017 
040 |a GR-MY-UA  |b gre  |e aacr 
041 0 |a gre 
082 7 |a 155.2   |2 (22) 
100 1 |a Μωραΐτης, Δημήτριος Γ.,   |d 1876-1957. 
245 1 2 |a Η πρακτική της ατομικής ψυχολογίας /   |c Δημητρίου Γ. Μωραΐτου.  
260 |a Αθήναι :   |b Παναγιωτίδης,   |c 1940.  
300 |a 350 σ. ;   |c 24 εκ.  
500 |a Υπάρχει ψηφιακό αντίγραφο.  
650 0 0 |a Behavioral assessment. 
650 0 0 |a Self psychology. 
650 0 0 |a Ego (Psychology) 
650 0 0 |a Personality. 
650 0 0 |a Identity (Psychology) 
852 |a INST  |b RHODES  |c AKA  |e 20080606  |h  155.2 ΜΩΡ  |p 005400027885  |q 005400027885  |t BK  |y 23 
856 |u http://hdl.handle.net/11610/16706 
901 |a BIBL4-2008-2 
909 |a Ρ  |b 150517 
970 |a ΧΑΡΙΟΠΟΛΙΤΟΥ  |b ΚΩΝΣΤΑΝΤΙΝΑ  |z 2008-06-06